Beyonce complete the song title - Statistics

General Stats
  • This quiz has been taken 144 times
  • The average score is 18 of 22
Answer Stats
Hint Answer % Correct
4 (2011) Run {the} {World} (Girls)
94%
Renaissance (2022) America Has a {Problem}
92%
Beyonce (2013) {Drunk} in Love
92%
I am... Sasha Fierce(2008) Single {Ladies} (Put a {Ring} on it)
91%
Cowboy Carter (2024) 16 {Carriages}
90%
Renaissance (2022) {Alien} Superstar
89%
Lemonade (2016) {Love} Drought
88%
Dangerously in Love(2003) {Crazy} in Love
87%
Renaissance (2022) Church {Girl}
84%
Lemonade (2016) Sand{castles}
84%
Cowboy Carter (2024) Ameriican {Requiem}
83%
Cowboy Carter (2024) {Alliigator} Tears
82%
Lemonade (2016) Don't Hurt {Yourself}
82%
Renaissance (2022) Plastic Off {The} {Sofa}
82%
I am... Sasha Fierce(2008) Broken-{Hearted} Girl
81%
4 (2011) Best thing I {Never} {Had}
80%
Dangerously in Love(2003) Hip {Hop} Star
79%
Cowboy Carter (2024) Sweet {Honey} {Buckiin}
79%
4 (2011) Rather Die {Young}
73%
Beyonce (2013) Super{power}
59%
Dangerously in Love(2003) {Speech}less
53%
I am... Sasha Fierce(2008) That's Why You're {Beautiful}
47%
No matching quizzes found
Score Distribution
Percent of People with Each Score
Percentile by Number Answered
Your Score History
You have not taken this quiz